| 000 | 00367nam a2200133Ia 4500 | ||
|---|---|---|---|
| 008 | 200103s9999||||xx |||||||||||||| ||und|| | ||
| 020 | _a0074602462, | ||
| 040 | _aIMU-MPC | ||
| 082 | _aColumn-4 | ||
| 100 | _aMaheshwari, B. L. | ||
| 245 | 0 | _aManagemet of Change throgh Human Resource Development | |
| 260 |
_bTata McGraw-Hill Publishing Comp. Ltd. _c1991 |
||
| 942 | _cBK | ||
| 999 |
_c3212 _d3212 |
||